00371nam a2200109Ia 4500008004100000020001800041050002300059245007400082260003600156300004900192504002000241150223s9999 xx 000 0 und d a9781892127914 aTR 501b.A465 2006 4aThe amazing page :b650 new scrapbook page ideas, tips and techniques aOhio :bF+W Publications,c2006 a224 pages :bColored, Illustration ;c28 cm. aIncludes Index.